Energy Sources Quiz Stats

 Plays Quiz Updated Oct 28, 2018

Score 0/10 Timer 05:00
2 Plays Today
Quadrillion Btu's Source % Correct
0.70Wind
95.5%
0.10Solar
90.1%
2.70Hydro-electric power
90%
21.50Natural Gas (dry)
86.3%
21.58Coal
85.7%
11.24Crude Oil
83.3%
8.35Nuclear electric power
73%
3.80Biomass
47%
0.40Geothermal
39.8%
2.54NGPL (natural gas plant liquids)
11.4%

You're not logged in!

Compare scores with friends on all Sporcle quizzes.
OR
Log In

Sporcle TV

Today on Sporcle TV


Watch our educational content, quiz creation guides, and fun videos on Sporcle TV.

Show Comments

Extras

Top Quizzes Today


Score Distribution

Your Account Isn't Verified!

In order to create a playlist on Sporcle, you need to verify the email address you used during registration. Go to your Sporcle Settings to finish the process.

Report this User

Report this user for behavior that violates our Community Guidelines.

Details: